| 000 | 00432nam a22001697a 4500 | ||
|---|---|---|---|
| 005 | 20160519154438.0 | ||
| 008 | 160519b xxu||||| |||| 00| 0 eng d | ||
| 020 | _a0-19-806229-X | ||
| 041 | _aeng | ||
| 082 | _b3315 | ||
| 100 |
_aSadiku Matthew N.O. _9822 |
||
| 245 | _aPrinciples of electromagnetics | ||
| 260 |
_aNew Delhi _bOxford University Press _c2007 |
||
| 300 | _a734 | ||
| 650 |
_aDIPLOMA ENGINEERING _9817 |
||
| 942 | _cBK | ||
| 999 |
_c1129 _d1129 |
||